| 000 | 00646nam a2200193 a 4500 | ||
|---|---|---|---|
| 003 | 0 | ||
| 005 | 20250410100608.0 | ||
| 008 | 071120s19uu xx 00 eng d | ||
| 050 |
_aPHS TX 553.T3 _b.A36 2007 |
||
| 100 | _aAhn, Ji Young. | ||
| 245 |
_aCaffeine content of commercially available iced tea / _cJi Young Ahn. |
||
| 260 |
_aLas PiƱas City, Philippines : _bSouthville International School and Colleges, _c2007. |
||
| 300 |
_a37 pages : _billustrations ; _c28 cm. |
||
| 504 | _aIncludes bibliographical references. | ||
| 650 |
_aTea _xComposition. |
||
| 650 |
_aIced tea _xAnalysis. |
||
| 650 |
_aCaffeine _xAnalysis. |
||
| 942 |
_2lcc _cPASS |
||
| 999 |
_c97788 _d97788 |
||